<?xml version="1.0" encoding="UTF-8"?>
<record
    xmlns:xsi="http://www.w3.org/2001/XMLSchema-instance"
    xsi:schemaLocation="http://www.loc.gov/MARC21/slim http://www.loc.gov/standards/marcxml/schema/MARC21slim.xsd"
    xmlns="http://www.loc.gov/MARC21/slim">

  <leader>01106nam a2200181Ia 4500</leader>
  <controlfield tag="008">151202s9999||||xx |||||||||||||| ||und||</controlfield>
  <datafield tag="082" ind1=" " ind2=" ">
    <subfield code="b">PNVM-79983</subfield>
  </datafield>
  <datafield tag="100" ind1=" " ind2=" ">
    <subfield code="a">&#x92E;&#x945;&#x915;&#x92B;&#x945;&#x926;&#x93F;&#x92F;&#x947;&#x928; &#x915;&#x94B;&#x921;&#x940;/&#x905;&#x928;&#x941;-&#x91C;&#x94B;&#x936;&#x940; &#x92A;&#x94D;&#x930;&#x915;&#x93E;&#x936;.</subfield>
  </datafield>
  <datafield tag="245" ind1=" " ind2=" ">
    <subfield code="a">&#x926; &#x921;&#x93E;&#x930;&#x94D;&#x915;&#x930; &#x938;&#x93E;&#x907;&#x921;-&#x916;&#x941;&#x928;&#x93E;&#x902;&#x91A;&#x94D;&#x92F;&#x93E; &#x92E;&#x93E;&#x932;&#x93F;&#x915;&#x947;&#x935;&#x930; &#x906;&#x927;&#x93E;&#x930;&#x93F;&#x924; &#x930;&#x939;&#x938;&#x94D;&#x92F;&#x92E;&#x92F; &#x915;&#x93E;&#x926;&#x902;&#x92C;&#x930;&#x940;.</subfield>
  </datafield>
  <datafield tag="260" ind1=" " ind2=" ">
    <subfield code="b">"&#x92E;&#x947;&#x939;&#x924;&#x93E; &#x92A;&#x92C;&#x94D;&#x932;&#x93F;&#x936;&#x93F;&#x902;&#x917; &#x939;&#x93E;&#x90A;&#x938;,&#x92A;&#x941;&#x923;&#x947;."</subfield>
  </datafield>
  <datafield tag="260" ind1=" " ind2=" ">
    <subfield code="c">2013</subfield>
  </datafield>
  <datafield tag="300" ind1=" " ind2=" ">
    <subfield code="a">434</subfield>
  </datafield>
  <datafield tag="600" ind1=" " ind2=" ">
    <subfield code="a">&#x92E;&#x945;&#x915;&#x92B;&#x945;&#x926;&#x93F;&#x92F;&#x947;&#x928; &#x915;&#x94B;&#x921;&#x940;/&#x905;&#x928;&#x941;-&#x91C;&#x94B;&#x936;&#x940; &#x92A;&#x94D;&#x930;&#x915;&#x93E;&#x936;.</subfield>
  </datafield>
  <datafield tag="630" ind1=" " ind2=" ">
    <subfield code="a">&#x926; &#x921;&#x93E;&#x930;&#x94D;&#x915;&#x930; &#x938;&#x93E;&#x907;&#x921;-&#x916;&#x941;&#x928;&#x93E;&#x902;&#x91A;&#x94D;&#x92F;&#x93E; &#x92E;&#x93E;&#x932;&#x93F;&#x915;&#x947;&#x935;&#x930; &#x906;&#x927;&#x93E;&#x930;&#x93F;&#x924; &#x930;&#x939;&#x938;&#x94D;&#x92F;&#x92E;&#x92F; &#x915;&#x93E;&#x926;&#x902;&#x92C;&#x930;&#x940;.</subfield>
  </datafield>
  <datafield tag="700" ind1=" " ind2=" ">
    <subfield code="a">&#x92E;&#x945;&#x915;&#x92B;&#x945;&#x926;&#x93F;&#x92F;&#x947;&#x928; &#x915;&#x94B;&#x921;&#x940;/&#x905;&#x928;&#x941;-&#x91C;&#x94B;&#x936;&#x940; &#x92A;&#x94D;&#x930;&#x915;&#x93E;&#x936;.</subfield>
  </datafield>
  <datafield tag="730" ind1=" " ind2=" ">
    <subfield code="a">&#x926; &#x921;&#x93E;&#x930;&#x94D;&#x915;&#x930; &#x938;&#x93E;&#x907;&#x921;-&#x916;&#x941;&#x928;&#x93E;&#x902;&#x91A;&#x94D;&#x92F;&#x93E; &#x92E;&#x93E;&#x932;&#x93F;&#x915;&#x947;&#x935;&#x930; &#x906;&#x927;&#x93E;&#x930;&#x93F;&#x924; &#x930;&#x939;&#x938;&#x94D;&#x92F;&#x92E;&#x92F; &#x915;&#x93E;&#x926;&#x902;&#x92C;&#x930;&#x940;.</subfield>
  </datafield>
  <datafield tag="942" ind1=" " ind2=" ">
    <subfield code="c">BOOK</subfield>
  </datafield>
  <datafield tag="999" ind1=" " ind2=" ">
    <subfield code="c">1344592</subfield>
    <subfield code="d">1344589</subfield>
  </datafield>
  <datafield tag="952" ind1=" " ind2=" ">
    <subfield code="0">0</subfield>
    <subfield code="1">0</subfield>
    <subfield code="4">0</subfield>
    <subfield code="7">0</subfield>
    <subfield code="a">PNVM</subfield>
    <subfield code="b">PNVM</subfield>
    <subfield code="d">2015-09-09</subfield>
    <subfield code="g">500.00</subfield>
    <subfield code="l">0</subfield>
    <subfield code="o">PNVM-79983</subfield>
    <subfield code="p">PNVM-79983</subfield>
    <subfield code="r">2015-12-02 00:00:00</subfield>
    <subfield code="v">500.00</subfield>
    <subfield code="w">2015-12-02</subfield>
    <subfield code="y">BOOK</subfield>
  </datafield>
</record>
